[Event "FIDE Women’s World Rapid Championships 2024"]
[White "Dzagnidze, Nana"]
[Black "Agrest, Inna"]
[Site "New York, USA"]
[Round "4"]
[Board "34"]
[Result "0-1"]
[Date "2024.12.26"]
[WhiteElo "2436"]
[BlackElo "2248"]
[PlyCount "68"]
[GameId "2127263878951502"]
[EventDate "2024.12.26"]
[EventType "rapid"]
[EventRounds "11"]
[EventCountry "FID"]

1. e4 e5 2. Nf3 Nc6 3. d4 exd4 4. Nxd4 Nf6 5. Nxc6 bxc6 6. Nd2 Bc5 7. e5 Qe7 8. Qe2 Nd5 9. Nb3 a5 10. c4 Bb4+ 11. Kd1 Nb6 12. a3 Bc5 13. h4 h6 14. Bf4 Ba6 15. Rc1 O-O 16. Rh3 Na4 17. Rc2 Rab8 18. Kc1 Bxa3 19. bxa3 Qxa3+ 20. Rb2 Bxc4 21. Qxc4 Nxb2 22. Qc2 Nd3+ 23. Kd1 Nxf4 24. Rc3 a4 25. Nc1 Qe7 26. Qe4 Rb4 27. Bc4 d5 28. Qxf4 Rxc4 29. Rxc4 dxc4 30. Qxc4 Qxe5 31. Qxa4 Qd5+ 32. Kc2 Qxg2 33. Nd3 Rd8 34. Qf4 Qg6 0-1

[Event "FIDE Women’s World Rapid Championships 2024"]
[White "Zhao, Xue"]
[Black "Cervantes Landeiro, Thalia"]
[Site "New York, USA"]
[Round "4"]
[Board "35"]
[Result "1-0"]
[Date "2024.12.26"]
[WhiteElo "2433"]
[BlackElo "2244"]
[PlyCount "87"]
[GameId "2127263878951503"]
[EventDate "2024.12.26"]
[EventType "rapid"]
[EventRounds "11"]
[EventCountry "FID"]

1. e4 c5 2. Nf3 Nc6 3. Bb5 d6 4. O-O Bd7 5. a4 a6 6. Be2 Nf6 7. Nc3 Bg4 8. Re1 e5 9. d3 Be7 10. Bg5 h6 11. Bxf6 Bxf6 12. Nd2 Be6 13. Bg4 Nd4 14. Bxe6 fxe6 15. Nc4 O-O 16. a5 Bh4 17. Rf1 Qe7 18. Nb1 Rf7 19. c3 Raf8 20. cxd4 Bxf2+ 21. Kh1 Bxd4 22. Rxf7 Qxf7 23. Nc3 Qg6 24. h3 Rf2 25. Qg4 Qf7 26. Kh2 h5 27. Qg3 Qe7 28. Re1 h4 29. Qg4 Rf4 30. Qd1 Qg5 31. Rf1 Qg3+ 32. Kh1 d5 33. exd5 exd5 34. Nxd5 Rf2 35. Rxf2 Qxf2 36. Nc3 Qf4 37. Ne2 Qf2 38. Nxd4 exd4 39. Qf3 Qe1+ 40. Kh2 Qe7 41. Qd5+ Kh8 42. Qe5 Qf7 43. Nd6 Qf2 44. Nf5 1-0

[Event "FIDE Women’s World Rapid Championships 2024"]
[White "Wu, Rochelle"]
[Black "Huang, Qian"]
[Site "New York, USA"]
[Round "4"]
[Board "36"]
[Result "0-1"]
[Date "2024.12.26"]
[WhiteElo "2217"]
[BlackElo "2399"]
[PlyCount "55"]
[GameId "2127263878951504"]
[EventDate "2024.12.26"]
[EventType "rapid"]
[EventRounds "11"]
[EventCountry "FID"]

1. d4 d6 2. Nf3 g6 3. c4 Bg7 4. Nc3 Nd7 5. e4 e5 6. d5 a5 7. h3 Nc5 8. Qc2 Nf6 9. Bg5 c6 10. Be2 O-O 11. g4 a4 12. O-O-O Bd7 13. Be3 Qa5 14. g5 Nfxe4 15. Nxe4 Nxe4 16. a3 Nc5 17. Nh4 cxd5 18. cxd5 Nb3+ 19. Kb1 b5 20. Qe4 Rfb8 21. Qb4 Qxb4 22. axb4 a3 23. Ka2 Nd4 24. Bxd4 axb2+ 25. Kxb2 exd4 26. Kb3 Ra4 27. Bd3 Rba8 28. Ng2 0-1

[Event "FIDE Women’s World Rapid Championships 2024"]
[White "Khotenashvili, Bella"]
[Black "Beydullayeva, Govhar"]
[Site "New York, USA"]
[Round "4"]
[Board "37"]
[Result "1/2-1/2"]
[Date "2024.12.26"]
[WhiteElo "2394"]
[BlackElo "2212"]
[PlyCount "125"]
[GameId "2127263878951505"]
[EventDate "2024.12.26"]
[EventType "rapid"]
[EventRounds "11"]
[EventCountry "FID"]

1. Nf3 d5 2. g3 Nf6 3. Bg2 e6 4. O-O Be7 5. d3 O-O 6. Nbd2 Nc6 7. b3 e5 8. Bb2 e4 9. Ne1 e3 10. fxe3 Ng4 11. Rf3 Nce5 12. Bxe5 Nxe5 13. Rf4 Bg5 14. Nf1 Bxf4 15. exf4 Nc6 16. e3 Re8 17. Qh5 Ne7 18. g4 Qd6 19. d4 Qf6 20. h3 g6 21. Qh6 Kh8 22. Nf3 Ng8 23. Qg5 c6 24. Ne5 Kg7 25. Qxf6+ Nxf6 26. Kf2 h6 27. Ng3 Nd7 28. Nd3 f6 29. c4 dxc4 30. bxc4 Nb6 31. c5 Nc4 32. e4 Be6 33. f5 gxf5 34. gxf5 Bf7 35. Nf4 Rad8 36. Rd1 b6 37. Bf1 bxc5 38. Ngh5+ Kf8 39. Nxf6 Rxd4 40. Rxd4 cxd4 41. Nxe8 Kxe8 42. Nd3 Nd2 43. Bg2 Bxa2 44. Nb4 Bb1 45. Nxc6 Nxe4+ 46. Ke1 Nd6 47. Nxa7 Bxf5 48. Nc6 d3 49. Ne5 Nb5 50. Bc6+ Ke7 51. Bxb5 Bxh3 52. Nxd3 Bd7 53. Ba6 Bf5 54. Nf4 Kf6 55. Kf2 Kg5 56. Kg3 h5 57. Ng2 Bg4 58. Bc4 Kf6 59. Kf4 Be6 60. Bd3 Bg4 61. Ne3 Ke6 62. Bc4+ Kd6 63. Ke4 1/2-1/2

[Event "FIDE Women’s World Rapid Championships 2024"]
[White "Mamedjarova, Zeinab"]
[Black "Divya, Deshmukh"]
[Site "New York, USA"]
[Round "4"]
[Board "38"]
[Result "0-1"]
[Date "2024.12.26"]
[WhiteElo "2194"]
[BlackElo "2393"]
[PlyCount "72"]
[GameId "2127263878951506"]
[EventDate "2024.12.26"]
[EventType "rapid"]
[EventRounds "11"]
[EventCountry "FID"]

1. d4 Nf6 2. Nf3 e6 3. e3 c5 4. Be2 b6 5. O-O Bb7 6. b3 Nc6 7. Bb2 Be7 8. Nbd2 O-O 9. c4 cxd4 10. Nxd4 Rc8 11. Nxc6 Bxc6 12. Bf3 d5 13. Qe2 Qc7 14. Rac1 Qb7 15. Bxf6 Bxf6 16. cxd5 Bxd5 17. e4 Bc6 18. Rxc6 Rxc6 19. e5 Be7 20. Bxc6 Qxc6 21. Ne4 Rd8 22. h3 h6 23. f4 Rd4 24. Re1 Bb4 25. Qf3 Qc2 26. Re2 Qb1+ 27. Kh2 Rd3 28. Qg4 Rd1 29. f5 Rh1+ 30. Kg3 Be1+ 31. Nf2 exf5 32. Qc4 Rf1 33. e6 fxe6 34. Qxe6+ Kh7 35. h4 Qd3+ 36. Kh2 Bxf2 0-1

[Event "FIDE Women’s World Rapid Championships 2024"]
[White "Lyutsinger, Iren"]
[Black "Krush, Irina"]
[Site "New York, USA"]
[Round "4"]
[Board "39"]
[Result "0-1"]
[Date "2024.12.26"]
[WhiteElo "2140"]
[BlackElo "2382"]
[PlyCount "88"]
[GameId "2127263878955603"]
[EventDate "2024.12.26"]
[EventType "rapid"]
[EventRounds "11"]
[EventCountry "FID"]

1. e4 c5 2. Nf3 d6 3. d4 cxd4 4. Nxd4 Nf6 5. Nc3 Nc6 6. Bg5 e6 7. Bb5 Bd7 8. Qd3 h6 9. Bh4 g5 10. Bg3 Ne5 11. Bxe5 dxe5 12. Nf3 a6 13. Bxd7+ Nxd7 14. O-O-O Qc7 15. g4 Be7 16. h4 gxh4 17. Nxh4 Rg8 18. Nf3 O-O-O 19. Qe3 Rxg4 20. Rxh6 Bc5 21. Qe2 Rf4 22. Rh2 Rg8 23. Rdh1 Kb8 24. Ne1 Bd4 25. Nd3 Rfg4 26. Nd1 Rg1 27. Rh8 Rxh1 28. Rxg8+ Ka7 29. Qf3 Rh7 30. Kb1 Nb6 31. c3 Nc4 32. Qe2 Bb6 33. Rg1 Rh2 34. b3 Na3+ 35. Kb2 Qd6 36. Ne3 Rh3 37. Rd1 Bxe3 38. Nf4 Nc4+ 39. Kb1 Nd2+ 40. Kc2 exf4 41. fxe3 fxe3 42. Qg4 Rh2 43. e5 Nf3+ 44. Kc1 Qa3+ 0-1

[Event "FIDE Women’s World Rapid Championships 2024"]
[White "Belenkaya, Dina"]
[Black "Javakhishvili, Lela"]
[Site "New York, USA"]
[Round "4"]
[Board "40"]
[Result "1-0"]
[Date "2024.12.26"]
[WhiteElo "2136"]
[BlackElo "2321"]
[PlyCount "131"]
[GameId "2127263878955604"]
[EventDate "2024.12.26"]
[EventType "rapid"]
[EventRounds "11"]
[EventCountry "FID"]

1. d4 Nf6 2. c4 b6 3. Nc3 Bb7 4. Qc2 d5 5. cxd5 Nxd5 6. Nf3 e6 7. e4 Nxc3 8. bxc3 Be7 9. Bd3 O-O 10. e5 h6 11. h4 Nd7 12. Rh3 Bxf3 13. gxf3 Bxh4 14. Ke2 f5 15. Bc4 Qe7 16. Bd2 c5 17. Rxh4 b5 18. Bxb5 Qxh4 19. Bxd7 Qe7 20. Bb5 Rfd8 21. Rg1 Kh8 22. Qc1 Kh7 23. Rh1 Qf8 24. Be3 cxd4 25. cxd4 Rab8 26. Bd3 Rdc8 27. Qd2 Rc7 28. Kf1 Rcb7 29. Kg2 Rb2 30. Qa5 Qe8 31. Rh3 Qe7 32. d5 Kh8 33. d6 Qd7 34. Bc4 R2b4 35. Qc7 Qxc7 36. dxc7 Rc8 37. Bxe6 Rxc7 38. Bxf5 Ra4 39. Be6 a5 40. Bb3 Rb4 41. Bd2 Rb5 42. e6 Ra7 43. Be3 Re7 44. Rh4 Kh7 45. Rd4 Kg6 46. Rg4+ Kf5 47. Rf4+ Ke5 48. Rf8 g5 49. f4+ gxf4 50. Bxf4+ Ke4 51. f3+ Kd4 52. Rd8+ Kc3 53. Rc8+ Kb2 54. Bc4 Rb6 55. Be5+ Ka3 56. Rb8 Rexe6 57. Bxe6 Rxe6 58. f4 a4 59. Kf3 Kxa2 60. Ke4 h5 61. f5 Rh6 62. f6 Rh7 63. Rb2+ Ka3 64. Rg2 h4 65. Rg7 Rh5 66. f7 1-0

[Event "FIDE Women’s World Rapid Championships 2024"]
[White "Castillo Beitia, Ashley Alexandra"]
[Black "Sargsyan, Anna M."]
[Site "New York, USA"]
[Round "4"]
[Board "41"]
[Result "0-1"]
[Date "2024.12.26"]
[WhiteElo "1927"]
[BlackElo "2306"]
[PlyCount "106"]
[GameId "2127263878955605"]
[EventDate "2024.12.26"]
[EventType "rapid"]
[EventRounds "11"]
[EventCountry "FID"]

1. d4 Nf6 2. c4 e6 3. Nf3 d5 4. Nc3 Bb4 5. Qa4+ Nc6 6. Bg5 h6 7. Bxf6 Qxf6 8. e3 O-O 9. Be2 dxc4 10. O-O Bd7 11. Qc2 Bd6 12. Bxc4 e5 13. Nd5 Qd8 14. dxe5 Nxe5 15. Nxe5 Bxe5 16. f4 Bd6 17. e4 c6 18. Nc3 Qb6+ 19. Kh1 Rae8 20. Rad1 Qb4 21. Bb3 Bc8 22. e5 Bb8 23. Ne4 Kh8 24. a3 Qb6 25. Nc5 Rd8 26. Rde1 Qa5 27. f5 b6 28. e6 Rd2 29. e7 Re8 30. Qc3 Qxc3 31. bxc3 Kg8 32. Ne4 Rb2 33. Rd1 Bc7 34. Nd6 Bxd6 35. Rxd6 Rxe7 36. Rd8+ Kh7 37. Bc4 Bb7 38. f6 gxf6 39. Rxf6 c5 40. Bf1 Be4 41. h4 Kg7 42. Rdd6 h5 43. Kg1 Rc2 44. Rf4 Rxc3 45. Be2 Bg6 46. Bf3 Rxa3 47. g4 hxg4 48. Bxg4 Ra2 49. Bh3 Re3 50. Bf1 Rg3+ 51. Kh1 Bh5 52. Rdf6 Rc2 53. Bc4 Rxc4 0-1

[Event "FIDE Women’s World Rapid Championships 2024"]
[White "Danielian, Elina"]
[Black "Nurgaliyeva, Zarina"]
[Site "New York, USA"]
[Round "4"]
[Board "42"]
[Result "1-0"]
[Date "2024.12.26"]
[WhiteElo "2301"]
[BlackElo "2175"]
[PlyCount "103"]
[GameId "2127263878955606"]
[EventDate "2024.12.26"]
[EventType "rapid"]
[EventRounds "11"]
[EventCountry "FID"]

1. d4 Nf6 2. Nf3 d5 3. Bf4 c5 4. e3 Nc6 5. c3 Qb6 6. Qc1 Bf5 7. Nbd2 Rc8 8. a3 h6 9. h3 e6 10. Be2 Be7 11. O-O O-O 12. dxc5 Bxc5 13. b4 Be7 14. c4 dxc4 15. Nxc4 Qd8 16. Rd1 Nd5 17. Qd2 Bf6 18. Rac1 Nc3 19. Qe1 Nxd1 20. Rxd1 Qe7 21. Bd6 Qe8 22. Bxf8 Qxf8 23. Rd7 Nd8 24. Nd6 Rc6 25. Nxf5 exf5 26. Qd2 Rc8 27. g3 Qe8 28. h4 Qe4 29. h5 Kh7 30. Qd3 Qg4 31. Kg2 Qxh5 32. Nd4 Qg6 33. Qxf5 Qxf5 34. Nxf5 Rc3 35. Nd6 Rxa3 36. Ne4 Ne6 37. Nxf6+ gxf6 38. Rxf7+ Kg6 39. Rxb7 Ng5 40. Bc4 Ne4 41. Bf7+ Kg5 42. f4+ Kg4 43. Be6+ Kh5 44. Rg7 Ng5 45. fxg5 hxg5 46. Bf5 g4 47. Bxg4+ Kh6 48. Re7 Rb3 49. Rxa7 Rxb4 50. Bf5 Kg5 51. g4 Rb2+ 52. Kf3 1-0

[Event "FIDE Women’s World Rapid Championships 2024"]
[White "Toncheva, Nadya"]
[Black "Ouellet, Maili-Jade"]
[Site "New York, USA"]
[Round "4"]
[Board "43"]
[Result "1-0"]
[Date "2024.12.26"]
[WhiteElo "2283"]
[BlackElo "2149"]
[PlyCount "153"]
[GameId "2127263878955607"]
[EventDate "2024.12.26"]
[EventType "rapid"]
[EventRounds "11"]
[EventCountry "FID"]

1. d4 Nf6 2. c4 e6 3. Nc3 d5 4. cxd5 exd5 5. Bg5 Be7 6. e3 c6 7. Qc2 h6 8. Bh4 O-O 9. Bd3 Ne8 10. Bg3 Nd6 11. Nge2 Re8 12. O-O a5 13. f3 b5 14. Rad1 Na6 15. a3 Be6 16. e4 Nc4 17. Bxc4 bxc4 18. Nf4 Bh4 19. Qf2 Bxg3 20. Qxg3 Rb8 21. Rd2 Nc7 22. h4 Kh7 23. Na4 Na6 24. Re1 Rb3 25. Nc3 Qb8 26. Ree2 Bd7 27. Nh5 Qxg3 28. Nxg3 Nc7 29. Kf2 Be6 30. Na4 Reb8 31. Re3 Rxe3 32. Kxe3 Rb3+ 33. Kf2 Kg8 34. e5 Nb5 35. Ne2 Rd3 36. Ke1 Bf5 37. Nc5 Rxd2 38. Kxd2 h5 39. Nb7 Bd3 40. a4 Na7 41. Nxa5 Bf5 42. Nb7 Kf8 43. Ng3 Bg6 44. f4 f6 45. f5 Be8 46. e6 Ke7 47. Kc3 g6 48. Nc5 g5 49. Nf1 gxh4 50. Kb4 Kd6 51. Nd2 Nc8 52. Nf3 Kc7 53. Nxh4 Nd6 54. Kc3 Kb6 55. b3 cxb3 56. Kxb3 Kc7 57. Kb4 Kb6 58. a5+ Kc7 59. a6 Nb5 60. Nf3 Kb6 61. g3 Kc7 62. Ka5 Na7 63. Nd3 Nb5 64. Nc5 Na7 65. Ng1 Nb5 66. Ne2 Na7 67. Nc3 Nc8 68. N3a4 h4 69. gxh4 Bh5 70. Nd7 Bg4 71. Nac5 Bxf5 72. Nxf6 Kb8 73. h5 Ka7 74. h6 Ne7 75. h7 Bxh7 76. Nxh7 Nf5 77. Ng5 1-0

[Event "FIDE Women’s World Rapid Championships 2024"]
[White "Mungunzul, Bat-Erdene"]
[Black "Melekhina, Alisa"]
[Site "New York, USA"]
[Round "4"]
[Board "44"]
[Result "1-0"]
[Date "2024.12.26"]
[WhiteElo "2281"]
[BlackElo "2139"]
[PlyCount "65"]
[GameId "2127263878959704"]
[EventDate "2024.12.26"]
[EventType "rapid"]
[EventRounds "11"]
[EventCountry "FID"]

1. d4 Nf6 2. c4 g6 3. Nc3 Bg7 4. e4 d6 5. Nf3 O-O 6. Be2 Bg4 7. Be3 Nfd7 8. O-O c5 9. d5 Na6 10. h3 Bxf3 11. Bxf3 Nc7 12. Be2 Re8 13. Qd2 a6 14. a4 Rb8 15. f4 e6 16. dxe6 Nxe6 17. Qxd6 Nd4 18. e5 Nc2 19. Qd2 Nxa1 20. Rxa1 f6 21. Qd5+ Kh8 22. Rd1 Nf8 23. Qxc5 Qc8 24. Qb4 fxe5 25. Bg4 Qc7 26. Nd5 Qf7 27. fxe5 Bxe5 28. Rf1 Qg7 29. Kh1 Bxb2 30. Rf7 Qe5 31. Nf6 Red8 32. Qxf8+ Rxf8 33. Rxh7# 1-0

[Event "FIDE Women’s World Rapid Championships 2024"]
[White "Pourkashiyan, Atousa"]
[Black "Mkrtchyan, Mariam"]
[Site "New York, USA"]
[Round "4"]
[Board "45"]
[Result "1/2-1/2"]
[Date "2024.12.26"]
[WhiteElo "2277"]
[BlackElo "2136"]
[PlyCount "92"]
[GameId "2127263878959705"]
[EventDate "2024.12.26"]
[EventType "rapid"]
[EventRounds "11"]
[EventCountry "FID"]

1. e4 e5 2. Nf3 Nc6 3. Bb5 a6 4. Ba4 Nf6 5. O-O Nxe4 6. d4 b5 7. Bb3 d5 8. dxe5 Be6 9. Nbd2 Nc5 10. c3 d4 11. Bxe6 Nxe6 12. cxd4 Ncxd4 13. Ne4 Be7 14. a4 O-O 15. axb5 axb5 16. Rxa8 Nxf3+ 17. Qxf3 Qxa8 18. Be3 Rd8 19. Nc3 Qxf3 20. gxf3 b4 21. Ne4 f5 22. exf6 gxf6 23. Ng3 Rd5 24. Rc1 Kf7 25. Rc4 f5 26. Nh5 Rd1+ 27. Kg2 Rb1 28. Nf4 Nxf4+ 29. Bxf4 c5 30. Be3 Ke6 31. Rc2 b3 32. Rd2 Bf6 33. Bxc5 Bxb2 34. Rd6+ Kf7 35. Bd4 Bxd4 36. Rxd4 Ke6 37. f4 Ke7 38. Rd5 Ke6 39. Re5+ Kd6 40. Rxf5 Kc6 41. Rf8 Kc7 42. Rf5 Kb6 43. Rf8 Kc7 44. Rf5 Kc6 45. Rf8 Kc7 46. Rf5 Kc6 1/2-1/2

[Event "FIDE Women’s World Rapid Championships 2024"]
[White "Padmini, Rout"]
[Black "Jarocka, Liwia"]
[Site "New York, USA"]
[Round "4"]
[Board "46"]
[Result "1/2-1/2"]
[Date "2024.12.26"]
[WhiteElo "2267"]
[BlackElo "2127"]
[PlyCount "103"]
[GameId "2127263878959706"]
[EventDate "2024.12.26"]
[EventType "rapid"]
[EventRounds "11"]
[EventCountry "FID"]

1. Nf3 Nf6 2. g3 g6 3. Bg2 Bg7 4. O-O O-O 5. d4 d5 6. c3 c6 7. Nbd2 Bf5 8. Nh4 Bg4 9. h3 Bd7 10. Re1 Re8 11. e4 dxe4 12. Nxe4 Nxe4 13. Rxe4 e5 14. dxe5 Rxe5 15. Rxe5 Bxe5 16. Nf3 Bf6 17. Bh6 Na6 18. Nd2 Be6 19. Ne4 Qxd1+ 20. Rxd1 Be7 21. a3 Nc5 22. Nxc5 Bxc5 23. h4 Be7 24. Bg5 Kf8 25. Be3 Ke8 26. f4 a6 27. Bb6 Bd8 28. Be3 Be7 29. Kf2 Rd8 30. Re1 h5 31. Be4 Kf8 32. Bd4 Bg4 33. b4 Rd6 34. Bd3 Re6 35. Rxe6 Bxe6 36. a4 Ke8 37. a5 Kd7 38. Ke3 Bd6 39. Be5 Bf8 40. Be4 Bd5 41. Bd3 c5 42. bxc5 Bxc5+ 43. Bd4 Bd6 44. c4 Be6 45. Be4 Kc8 46. Kd3 Bb4 47. Bc3 Bc5 48. Bd4 Bb4 49. Bc3 Bc5 50. Bd4 Bb4 51. Bc3 Bc5 52. Bd4 1/2-1/2

[Event "FIDE Women’s World Rapid Championships 2024"]
[White "Kulon, Klaudia"]
[Black "Nilssen, Ellen Fredericia"]
[Site "New York, USA"]
[Round "4"]
[Board "47"]
[Result "0-1"]
[Date "2024.12.26"]
[WhiteElo "2258"]
[BlackElo "2071"]
[PlyCount "142"]
[GameId "2127263878959707"]
[EventDate "2024.12.26"]
[EventType "rapid"]
[EventRounds "11"]
[EventCountry "FID"]

1. c4 e6 2. e3 d5 3. Nf3 Nf6 4. b3 Be7 5. Bb2 O-O 6. Qc2 c5 7. Ng5 d4 8. Bd3 h6 9. h4 Nc6 10. a3 Ng4 11. f3 Nge5 12. Bh7+ Kh8 13. f4 f5 14. b4 Bxg5 15. hxg5 Kxh7 16. gxh6 gxh6 17. fxe5 Qg5 18. Qd1 Qg3+ 19. Kf1 f4 20. Qf3 Nxe5 21. Qxg3 fxg3+ 22. Kg1 Nxc4 23. Bc1 e5 24. d3 Nxe3 25. Bxe3 dxe3 26. Nc3 Bf5 27. Re1 Bxd3 28. Rh3 cxb4 29. axb4 Rac8 30. Nd5 e2 31. Ne3 Rf1+ 32. Nxf1 exf1=Q+ 33. Rxf1 Bxf1 34. Kxf1 Rc4 35. Rxg3 Rxb4 36. Rc3 Kg6 37. Kf2 a5 38. Rc5 Kf5 39. Rxa5 h5 40. Ra8 h4 41. Rf8+ Ke4 42. Rh8 Kd3 43. Rd8+ Rd4 44. Rb8 Rd7 45. Rh8 e4 46. Ke1 e3 47. Ra8 Rc7 48. Rd8+ Ke4 49. Re8+ Kf4 50. Rf8+ Kg3 51. Rg8+ Kh2 52. Rg4 Rc2 53. Rxh4+ Kxg2 54. Rh7 b5 55. Rg7+ Kf3 56. Rf7+ Ke4 57. Re7+ Kd3 58. Rd7+ Kc3 59. Re7 e2 60. Re3+ Kc4 61. Re4+ Kb3 62. Re3+ Ka4 63. Re8 b4 64. Ra8+ Kb3 65. Rb8 Ka3 66. Ra8+ Kb2 67. Rb8 b3 68. Rb7 Ka2 69. Ra7+ Kb1 70. Rb7 b2 71. Rb8 Kc1 0-1

[Event "FIDE Women’s World Rapid Championships 2024"]
[White "Melia, Salome"]
[Black "Derlich, Sarah Sima"]
[Site "New York, USA"]
[Round "4"]
[Board "48"]
[Result "1-0"]
[Date "2024.12.26"]
[WhiteElo "2252"]
[BlackElo "1807"]
[PlyCount "59"]
[GameId "2127263878959708"]
[EventDate "2024.12.26"]
[EventType "rapid"]
[EventRounds "11"]
[EventCountry "FID"]

1. e4 c5 2. Nf3 d6 3. Bb5+ Bd7 4. c4 Nf6 5. Nc3 Bxb5 6. cxb5 e6 7. O-O Be7 8. d4 cxd4 9. Qxd4 Nbd7 10. h3 Qb6 11. Qd3 O-O 12. Be3 Nc5 13. Qe2 Qc7 14. Rac1 Qa5 15. Bd2 Qb6 16. b4 Ncd7 17. Be3 Qd8 18. a4 Ne5 19. Nxe5 dxe5 20. Rfd1 Qb8 21. Bc5 Re8 22. Qe3 b6 23. Bxe7 Rxe7 24. Ne2 Rc7 25. Rc6 Qb7 26. Rdc1 Rac8 27. Qd3 Kf8 28. Qd6+ Ke8 29. Rxc7 Rxc7 30. Rxc7 1-0

[Event "FIDE Women’s World Rapid Championships 2024"]
[White "Sevcikova, Lucia"]
[Black "Lesbekova, Assel"]
[Site "New York, USA"]
[Round "4"]
[Board "49"]
[Result "0-1"]
[Date "2024.12.26"]
[WhiteElo "2132"]
[BlackElo "1973"]
[PlyCount "115"]
[GameId "2127263878959709"]
[EventDate "2024.12.26"]
[EventType "rapid"]
[EventRounds "11"]
[EventCountry "FID"]

1. d4 d5 2. c4 e6 3. Nc3 a6 4. cxd5 exd5 5. Nf3 h6 6. Bf4 Nf6 7. e3 Bd6 8. Be5 c6 9. Bd3 O-O 10. O-O Bg4 11. Qc2 Bxf3 12. gxf3 Bxe5 13. dxe5 Nh5 14. f4 Qh4 15. Kh1 Nd7 16. Bf5 Rad8 17. Rg1 Nc5 18. b4 d4 19. bxc5 dxc3 20. Rg4 Qe7 21. Qxc3 Rd5 22. Rc1 Rfd8 23. Be4 Rd2 24. Rc2 Rd1+ 25. Kg2 Nf6 26. exf6 Qxe4+ 27. f3 Qxc2+ 28. Qxc2 R8d2+ 29. Qxd2 Rxd2+ 30. Kf1 g6 31. f5 Rxa2 32. fxg6 fxg6 33. Rxg6+ Kf7 34. Rxh6 Rc2 35. Rh7+ Kxf6 36. Rxb7 Rxc5 37. Rb6 a5 38. Ra6 Ke6 39. Kf2 Kd6 40. h4 Kc7 41. Ra8 Kb7 42. Rd8 a4 43. Rd1 a3 44. Ra1 Ra5 45. e4 Kb6 46. Ke3 Kc5 47. e5 Kd5 48. f4 a2 49. h5 Ra3+ 50. Kf2 Ke4 51. e6 Kxf4 52. h6 Ra7 53. Ke2 Kf5 54. Kd3 Kxe6 55. Kc4 Kd6 56. Rd1+ Kc7 57. h7 Ra8 58. Kb3 0-1

[Event "FIDE Women’s World Rapid Championships 2024"]
[White "Paragua, Megan Althea"]
[Black "Stanford, Sheila Barth"]
[Site "New York, USA"]
[Round "4"]
[Board "50"]
[Result "1-0"]
[Date "2024.12.26"]
[WhiteElo "2017"]
[BlackElo "2103"]
[PlyCount "157"]
[GameId "2127263878963806"]
[EventDate "2024.12.26"]
[EventType "rapid"]
[EventRounds "11"]
[EventCountry "FID"]

1. e4 g6 2. Nc3 Bg7 3. Nge2 c5 4. d4 cxd4 5. Nxd4 Nc6 6. Be3 Nf6 7. g3 O-O 8. Bg2 a6 9. O-O Qc7 10. a4 d6 11. Nb3 b6 12. Bg5 Be6 13. Nd5 Bxd5 14. exd5 Ne5 15. Nd4 h6 16. Bc1 Rac8 17. f4 Ned7 18. Be3 Nc5 19. c3 Rfe8 20. Qe2 a5 21. Nb5 Qd7 22. b4 Nce4 23. Bd4 e5 24. fxe5 dxe5 25. Bxb6 Nxc3 26. Nxc3 Rxc3 27. bxa5 Rec8 28. Ra2 Ne8 29. d6 Qxd6 30. Rd2 Qb4 31. Bb7 Rb8 32. Rb2 Qxa4 33. a6 e4 34. a7 Rxb7 35. Ra2 Bd4+ 36. Kh1 Ra3 37. Rxa3 Qxa3 38. Bxd4 Rxa7 39. Bxa7 Qxa7 40. Qxe4 Nd6 41. Qg2 Qb7 42. Qxb7 Nxb7 43. Rd1 Nc5 44. Kg2 h5 45. Kf3 Kg7 46. Kf4 Kf6 47. Rd6+ Ne6+ 48. Ke4 Ke7 49. Ke5 f6+ 50. Kd5 Nc7+ 51. Kc6 Ne8 52. Rd2 f5 53. Kd5 Nf6+ 54. Ke5 Ng4+ 55. Kf4 Kf6 56. Rd6+ Kf7 57. h3 Nf2 58. h4 Ne4 59. Ra6 Kg7 60. Ra3 Kf6 61. Rb3 Ke6 62. Rb7 Kf6 63. Rc7 Ke6 64. Rc6+ Kf7 65. Ke5 Nxg3 66. Rc7+ Ke8 67. Rg7 Ne4 68. Rxg6 Kf7 69. Kxf5 Nc5 70. Rd6 Ke7 71. Rd5 Nd7 72. Kg6 Nf8+ 73. Kxh5 Kf6 74. Kh6 Ke6 75. Rd1 Ke7 76. Rf1 Nd7 77. Kg7 Nc5 78. Re1+ Ne6+ 79. Rxe6+ 1-0

[Event "FIDE Women’s World Rapid Championships 2024"]
[White "Foisor, Sabina-Francesca"]
[Black "Durrfeld, Sofie Bech"]
[Site "New York, USA"]
[Round "4"]
[Board "51"]
[Result "1-0"]
[Date "2024.12.26"]
[WhiteElo "2296"]
[BlackElo "1875"]
[PlyCount "65"]
[GameId "2127263878963807"]
[EventDate "2024.12.26"]
[EventType "rapid"]
[EventRounds "11"]
[EventCountry "FID"]

1. d4 Nf6 2. c4 c5 3. d5 b5 4. Qc2 d6 5. e4 g6 6. Nf3 Bg7 7. Be2 O-O 8. O-O b4 9. h3 Nbd7 10. Bf4 Nb6 11. Nbd2 a5 12. Bh2 a4 13. Rad1 Re8 14. Rfe1 e6 15. dxe6 Bxe6 16. Bd3 a3 17. b3 Qc7 18. e5 dxe5 19. Nxe5 Qb7 20. Ne4 Nfd7 21. Nd6 Qa7 22. Nxe8 Rxe8 23. Nf3 Nf6 24. Ng5 Nbd7 25. Nxe6 fxe6 26. Be2 Qb6 27. Bf3 Nb8 28. Rd6 Qa7 29. Rdxe6 Rxe6 30. Rxe6 Qd7 31. Rb6 Qe7 32. Rxb8+ Bf8 33. Qe2 1-0

[Event "FIDE Women’s World Rapid Championships 2024"]
[White "Berezovska, Svetlana"]
[Black "Serikbay, Assel"]
[Site "New York, USA"]
[Round "4"]
[Board "52"]
[Result "0-1"]
[Date "2024.12.26"]
[WhiteElo "1850"]
[BlackElo "2121"]
[PlyCount "98"]
[GameId "2127263878963808"]
[EventDate "2024.12.26"]
[EventType "rapid"]
[EventRounds "11"]
[EventCountry "FID"]

1. e4 c5 2. Nf3 d6 3. d4 cxd4 4. Nxd4 Nf6 5. Nc3 a6 6. Be2 e5 7. Nf3 Be7 8. O-O O-O 9. h3 b5 10. a3 Bb7 11. Qd3 Nbd7 12. Be3 Rc8 13. Rad1 Qc7 14. Nd2 Nc5 15. Bxc5 dxc5 16. Bf3 Rfd8 17. Qe2 b4 18. Ncb1 c4 19. axb4 Bxb4 20. c3 Bf8 21. Rfe1 Rd3 22. Nf1 Rcd8 23. Nbd2 a5 24. Ne3 Ba6 25. Nd5 Qb7 26. Nf1 Nxd5 27. exd5 Rxd1 28. Rxd1 Bd6 29. Ne3 g6 30. Ng4 f5 31. Nh6+ Kg7 32. Qd2 Qe7 33. g4 f4 34. Be4 Kxh6 35. Kg2 Kg7 36. Rh1 Rb8 37. h4 Qb7 38. h5 Qxb2 39. Qd1 g5 40. h6+ Kh8 41. Qf3 Rb3 42. Bxh7 Qxc3 43. Qe4 Qd3 44. Qxd3 cxd3 45. Rd1 Kxh7 46. f3 Rb2+ 47. Kg1 Bc5+ 48. Kf1 d2+ 49. Kg2 Be2 0-1

[Event "FIDE Women’s World Rapid Championships 2024"]
[White "Machlik, Monika"]
[Black "Krasteva, Beloslava"]
[Site "New York, USA"]
[Round "4"]
[Board "53"]
[Result "1/2-1/2"]
[Date "2024.12.26"]
[WhiteElo "2079"]
[BlackElo "2196"]
[PlyCount "134"]
[GameId "2127263878963809"]
[EventDate "2024.12.26"]
[EventType "rapid"]
[EventRounds "11"]
[EventCountry "FID"]

1. d4 Nf6 2. c4 e6 3. Nc3 Bb4 4. Qc2 d6 5. Nf3 Nbd7 6. Bd2 b6 7. e4 Bb7 8. Bd3 e5 9. d5 O-O 10. O-O Nh5 11. Rfe1 Nc5 12. Bf1 Bc8 13. a3 Bxc3 14. Qxc3 f5 15. exf5 Bxf5 16. Bg5 Qe8 17. Qe3 h6 18. Bh4 Nf4 19. b4 Ne4 20. Nd2 Nxd2 21. Qxd2 g5 22. Bg3 Qg6 23. Rac1 h5 24. h4 Bd7 25. hxg5 Qxg5 26. Bxf4 Rxf4 27. Re4 Raf8 28. Rxf4 Rxf4 29. Rc3 Qf6 30. Rg3+ Kf8 31. Rc3 h4 32. Rc2 Qg7 33. Rc3 Ke7 34. Qe3 Rg4 35. c5 Kd8 36. cxd6 cxd6 37. b5 Rd4 38. Rd3 Bxb5 39. Rxd4 exd4 40. Qe6 Bd7 41. Qxd6 h3 42. Qb8+ Ke7 43. Qh2 hxg2 44. Bxg2 d3 45. Qh4+ Kf8 46. Qd8+ Be8 47. Qd6+ Qe7 48. Qh6+ Qg7 49. Qxg7+ Kxg7 50. Kf1 Kf6 51. Ke1 Ke5 52. Kd2 Bg6 53. Bf1 Kxd5 54. Bxd3 Bh5 55. Kc3 Ke5 56. Bf1 Bf3 57. Bd3 Bc6 58. Bf1 Kf4 59. Be2 Ke4 60. Bh5 Bb5 61. Bd1 Ba6 62. Bh5 Bf1 63. Bd1 a5 64. Bh5 b5 65. Bd1 Kd5 66. Bh5 Ke5 67. Bd1 Kd5 1/2-1/2